000 00806nam a2200277Ia 4500
001 Para_3976
003 CHAP
008 220125s1940 xx 000 0 und d
010 _a202240
040 _cCHAP
090 _aPA FOLLETO 1371
100 _aGraham, S. A.
_9165486
245 _aThe spruce budworm in Minnesota /
_c S. A. Grahan and L. W. Orr
260 _aSt. Paul, Minnesota :
_b University of Minnesota
300 _a27 p.
440 _aMinnesota Agr. Exp. Sta. Tech. Bull.; 142
_9167343
650 _aChoristoneura fumiferana Arboles
_x Plagas
_9167344
700 _aOrr, L. W.
_983747
901 _aPA FOLLETO 1371
902 _aA
905 _a0000001940 STPa 0000000000 00
910 _a1940
942 _cPARA
942 _cPARA
_d1
999 _c202240
_d202240